[Event "RACC-ch"]
[Site "Ottawa CAN"]
[Date "2004.01.08"]
[Round "1"]
[White "Pentland, Ralph"]
[Black "Veltmann, Alfred"]
[Result "0-1"]
[WhiteElo "1355"]
[BlackElo "1594"]
[PlyCount "164"]
[GameId "2160767911208954"]
[EventDate "2004.01.08"]
[EventType "swiss"]
[EventRounds "7"]
[EventCountry "CAN"]

1. e4 e5 2. Nf3 Nc6 3. g3 Nf6 4. d3 Bc5 5. h3 d6 6. Bg2 h6 7. Nc3 Bd7 8. a3 a5 9. Bd2 Nd4 10. Nxd4 Bxd4 11. O-O Qc8 12. Kh2 b5 13. Rb1 a4 14. Ne2 Bb6 15. f4 Rb8 16. f5 Bc6 17. Bb4 Ba8 18. Bc3 c5 19. b3 Qa6 20. b4 O-O 21. Ng1 cxb4 22. Bxb4 Bc5 23. Bxc5 dxc5 24. Nf3 Qd6 25. Qd2 Bc6 26. Qa5 Nd7 27. Ra1 Rfc8 28. Qd2 c4 29. Nh4 cxd3 30. cxd3 Nc5 31. Qb4 Rd8 32. Rfd1 Nb3 33. Qxd6 Rxd6 34. Ra2 Rbd8 35. Bf1 Bxe4 36. Re2 Bxd3 37. Rxe5 Bxf1 38. Rxf1 Rd5 39. Rfe1 Kf8 40. g4 Na5 41. f6 gxf6 42. Rxd5 Rxd5 43. Nf5 Nc4 44. Rc1 h5 45. Kg3 hxg4 46. hxg4 Nd6 47. Nxd6 Rxd6 48. Rc3 Ke7 49. Kh4 Rd5 50. Rc7+ Kf8 51. Rc8+ Kg7 52. Rc3 Re5 53. Rd3 f5 54. Rf3 fxg4 55. Kxg4 Rc5 56. Rd3 Rc4+ 57. Kf5 b4 58. axb4 Rxb4 59. Ra3 Rb5+ 60. Kf4 Ra5 61. Kg4 Kf6 62. Rf3+ Ke6 63. Re3+ Re5 64. Ra3 Re4+ 65. Kf3 f5 66. Kf2 Ke5 67. Kf1 Kf4 68. Kf2 Rb4 69. Ke1 Ke4 70. Kf2 f4 71. Ke2 Kd4 72. Kf2 Kc4 73. Ke2 Kb5 74. Rf3 Re4+ 75. Kf2 Kb4 76. Kg2 a3 77. Rf2 Kb3 78. Rf3+ Re3 79. Rxf4 a2 80. Rf1 Rc3 81. Kg1 Kb2 82. Rf2+ Rc2 0-1

[Event "RACC-ch"]
[Site "Ottawa CAN"]
[Date "2004.01.14"]
[Round "2"]
[White "Veltmann, Alfred"]
[Black "Barclay, Wayne"]
[Result "0-1"]
[WhiteElo "1594"]
[BlackElo "2260"]
[PlyCount "28"]
[GameId "2160767911208955"]
[EventDate "2004.01.08"]
[EventType "swiss"]
[EventRounds "7"]
[EventCountry "CAN"]

1. e4 e6 2. d4 d5 3. e5 c5 4. c3 Nc6 5. Nf3 Qb6 6. Be2 Nh6 7. Bxh6 Qxb2 8. Nbd2 gxh6 9. Qc1 Qxc1+ 10. Rxc1 c4 11. Bd1 b5 12. Nb1 b4 13. Ba4 Bd7 14. O-O Nxe5 0-1

[Event "RACC-ch"]
[Site "Ottawa CAN"]
[Date "2004.01.15"]
[Round "2"]
[White "Pacey, Kevin"]
[Black "Hawley, Robert"]
[Result "1-0"]
[WhiteElo "2218"]
[BlackElo "1614"]
[PlyCount "99"]
[GameId "2160767911208956"]
[EventDate "2004.01.08"]
[EventType "swiss"]
[EventRounds "7"]
[EventCountry "CAN"]

1. e4 e5 2. Nf3 Nc6 3. Bc4 Bc5 4. b4 Bb6 5. a4 a6 6. c3 d6 7. d3 Be6 8. Nbd2 Nge7 9. O-O O-O 10. Qb3 Qd7 11. Bb2 Ng6 12. d4 Bg4 13. Rfe1 Nf4 14. Bf1 Rae8 15. Rac1 Nd8 16. c4 Re6 17. c5 Ba7 18. b5 Rg6 19. Kh1 exd4 20. b6 Bb8 21. cxd6 cxb6 22. e5 Nc6 23. Nxd4 Ba7 24. f3 Be6 25. Nxe6 Nxe6 26. Nc4 Nc5 27. Qd1 Nb4 28. Ra1 Rc8 29. Ba3 Nc6 30. Bxc5 bxc5 31. a5 Nd4 32. Bd3 Rh6 33. f4 Re8 34. Be4 Rh4 35. g3 Rh6 36. Ra2 Qe6 37. Qd3 Qd7 38. Rb1 Rb8 39. Bd5 Kf8 40. Qe4 Nb5 41. Rc2 Nd4 42. Rcc1 Nb5 43. Rb2 Rg6 44. f5 Rh6 45. e6 Nxd6 46. exd7 Nxe4 47. Bxe4 Rd8 48. Rxb7 Bb8 49. Kg2 Ke7 50. Re1 1-0

[Event "RACC-ch"]
[Site "Ottawa CAN"]
[Date "2004.01.22"]
[Round "3"]
[White "Barclay, Doug"]
[Black "Veltmann, Alfred"]
[Result "0-1"]
[WhiteElo "1228"]
[BlackElo "1594"]
[PlyCount "45"]
[GameId "2160767911208957"]
[EventDate "2004.01.08"]
[EventType "swiss"]
[EventRounds "7"]
[EventCountry "CAN"]

1. e4 e5 2. f4 exf4 3. Nf3 d6 4. d4 Nf6 5. Nc3 Be7 6. Bxf4 O-O 7. Bd3 h6 8. O-O Bg4 9. h3 Bh5 10. Qe1 Nc6 11. e5 dxe5 12. dxe5 Nd5 13. Nxd5 Qxd5 14. Qg3 Bxf3 15. Rxf3 g5 16. h4 Nd4 17. Re3 Ne6 18. Bxg5 Bxg5 19. Be4 Qd4 20. Rae1 Kh8 21. Kh1 Bxe3 22. Rxe3 Qd1+ 23. Re1 0-1

[Event "RACC-ch"]
[Site "Ottawa CAN"]
[Date "2004.01.22"]
[Round "3"]
[White "Nezirovic, Ozren"]
[Black "Pacey, Kevin"]
[Result "1/2-1/2"]
[WhiteElo "2106"]
[BlackElo "2216"]
[PlyCount "81"]
[GameId "2160767911208958"]
[EventDate "2004.01.08"]
[EventType "swiss"]
[EventRounds "7"]
[EventCountry "CAN"]

1. e4 e6 2. d4 d5 3. Nc3 Bb4 4. e5 c5 5. a3 Bxc3+ 6. bxc3 Ne7 7. Qg4 Qc7 8. Qxg7 Rg8 9. Qxh7 cxd4 10. Ne2 Nbc6 11. f4 Bd7 12. Qd3 dxc3 13. Rb1 O-O-O 14. h4 Nf5 15. h5 d4 16. Rg1 f6 17. g4 Nh6 18. exf6 e5 19. f5 Nf7 20. g5 e4 21. Qxe4 Nd6 22. Qf4 Bxf5 23. Nxd4 Rge8+ 24. Be2 Nxd4 25. Qxd4 Nb5 26. Qf4 Qc5 27. Rg2 Bxc2 28. Qg4+ Bf5 29. Qb4 Rd1+ 30. Kxd1 c2+ 31. Ke1 Rxe2+ 32. Kf1 Re1+ 33. Kxe1 Qe5+ 34. Re2 Qg3+ 35. Rf2 cxb1=Q 36. Qxb1 Bxb1 37. f7 Qe5+ 38. Re2 Qg3+ 39. Rf2 Qe5+ 40. Re2 Qg3+ 41. Rf2 1/2-1/2

[Event "RACC-ch"]
[Site "Ottawa CAN"]
[Date "2004.01.29"]
[Round "4"]
[White "Pacey, Kevin"]
[Black "Hubley, Roger"]
[Result "1-0"]
[WhiteElo "2216"]
[BlackElo "2039"]
[PlyCount "33"]
[GameId "2160767911208959"]
[EventDate "2004.01.08"]
[EventType "swiss"]
[EventRounds "7"]
[EventCountry "CAN"]

1. d4 e6 2. c4 Nf6 3. Nc3 Bb4 4. e3 b6 5. Bd3 Bb7 6. Nf3 Ne4 7. O-O Bxc3 8. bxc3 f5 9. Qc2 O-O 10. Ne1 Qh4 11. f3 Ng5 12. d5 Na6 13. Ba3 Rf6 14. f4 Rh6 15. fxg5 Qxh2+ 16. Kf2 Rg6 17. Nf3 1-0

[Event "RACC-ch"]
[Site "Ottawa CAN"]
[Date "2004.02.05"]
[Round "5"]
[White "Djerkovic, Miladin"]
[Black "Pacey, Kevin"]
[Result "1-0"]
[WhiteElo "2274"]
[BlackElo "2216"]
[PlyCount "99"]
[GameId "2160767911208960"]
[EventDate "2004.01.08"]
[EventType "swiss"]
[EventRounds "7"]
[EventCountry "CAN"]

1. e4 c5 2. Nc3 e6 3. Nf3 a6 4. d4 cxd4 5. Nxd4 Qc7 6. Bd3 Nc6 7. Nxc6 dxc6 8. f4 e5 9. f5 Nf6 10. Be3 b5 11. a4 Bb7 12. Qe2 Bd6 13. O-O Qe7 14. Nd1 Bc5 15. Nf2 Bxe3 16. Qxe3 Nd7 17. c3 O-O 18. g4 h6 19. Qg3 g5 20. h4 gxh4 21. Qe3 Qg5 22. Rae1 Kh7 23. Kh1 Rg8 24. Rg1 h5 25. Qe2 Qh6 26. gxh5 Rg3 27. Rxg3 hxg3 28. Ng4 Qg5 29. Rg1 Qh4+ 30. Kg2 Rg8 31. Ne3 Qh2+ 32. Kf1 Qxe2+ 33. Kxe2 Nf6 34. Kf3 bxa4 35. Nc4 Rd8 36. Nxe5 c5 37. Rxg3 Re8 38. Nxf7 Bxe4+ 39. Bxe4 Nxe4 40. Ng5+ Nxg5+ 41. Rxg5 Re1 42. Rg2 Rf1+ 43. Ke4 Kh6 44. Ke5 Kxh5 45. f6 Re1+ 46. Kd6 Rf1 47. Ke7 Re1+ 48. Kf7 Re3 49. Kg7 a3 50. bxa3 1-0

[Event "RACC-ch"]
[Site "Ottawa CAN"]
[Date "2004.02.05"]
[Round "5"]
[White "Simic, Dusan"]
[Black "Veltmann, Alfred"]
[Result "1-0"]
[WhiteElo "2182"]
[BlackElo "1594"]
[PlyCount "53"]
[GameId "2160767911208961"]
[EventDate "2004.01.08"]
[EventType "swiss"]
[EventRounds "7"]
[EventCountry "CAN"]

1. d4 d5 2. c4 e6 3. Nf3 Nf6 4. g3 b6 5. cxd5 exd5 6. Bg2 Be6 7. Nc3 Nc6 8. O-O Bb4 9. Qa4 Bd7 10. Ne5 Nxe5 11. Qxb4 Nc6 12. Qa4 Ne7 13. Qb3 c6 14. Bg5 Nf5 15. e4 Nxd4 16. Qd1 Ne6 17. Bxf6 Qxf6 18. exd5 cxd5 19. Nxd5 Qd8 20. Ne3 Rc8 21. Qd6 Qc7 22. Nf5 Bb5 23. Rfe1 Qd7 24. Nxg7+ Kd8 25. Rxe6 fxe6 26. Nxe6+ Ke8 27. Qe5 1-0

[Event "RACC-ch"]
[Site "Ottawa CAN"]
[Date "2004.02.12"]
[Round "6"]
[White "Pacey, Kevin"]
[Black "Das, Samir"]
[Result "1/2-1/2"]
[WhiteElo "2213"]
[BlackElo "1804"]
[PlyCount "45"]
[GameId "2160767911208962"]
[EventDate "2004.01.08"]
[EventType "swiss"]
[EventRounds "7"]
[EventCountry "CAN"]

1. d4 Nf6 2. c4 e6 3. Nc3 Bb4 4. e3 c5 5. Bd3 Nc6 6. Nf3 O-O 7. O-O Bxc3 8. bxc3 d6 9. e4 e5 10. d5 Ne7 11. Nh4 Ne8 12. Nf5 Nxf5 13. exf5 Qh4 14. g3 Qh3 15. Qc2 g6 16. f4 e4 17. Bxe4 gxf5 18. Bg2 Qh6 19. Rb1 Qf6 20. Re1 b6 21. Bf1 Bd7 22. Bd3 Nc7 23. Bd2 1/2-1/2

[Event "RACC-ch"]
[Site "Ottawa CAN"]
[Date "2004.02.12"]
[Round "6"]
[White "Veltmann, Alfred"]
[Black "Yao, Sammy"]
[Result "0-1"]
[WhiteElo "1594"]
[BlackElo "1923"]
[PlyCount "73"]
[GameId "2160767911208963"]
[EventDate "2004.01.08"]
[EventType "swiss"]
[EventRounds "7"]
[EventCountry "CAN"]

1. e4 c5 2. Nf3 e6 3. Nc3 Nc6 4. Be2 Nf6 5. d4 cxd4 6. Nxd4 Be7 7. Be3 O-O 8. O-O a6 9. Qd2 Qc7 10. f4 Bb4 11. Bf3 Na5 12. Nde2 Nc4 13. Qd4 Nxe3 14. Qxe3 Bc5 15. Nd4 e5 16. fxe5 Qxe5 17. Nce2 d5 18. g3 Bh3 19. Rfd1 Rfe8 20. Kh1 dxe4 21. Bg2 Bg4 22. c3 Nd5 23. Qd2 Nb6 24. Qf4 Qh5 25. Re1 Nc4 26. b3 Bd6 27. Qc1 Bxe2 28. Rxe2 Ne5 29. Rxe4 Ng4 30. Rxg4 Qxg4 31. Qd1 Qg6 32. Qf1 Rac8 33. Rd1 Bc5 34. Bh3 Rcd8 35. Rc1 Qf6 36. Bg2 Qxf1+ 37. Rxf1 0-1

[Event "RACC-ch"]
[Site "Ottawa CAN"]
[Date "2004.02.19"]
[Round "7"]
[White "Best, Garland"]
[Black "Veltmann, Alfred"]
[Result "0-1"]
[WhiteElo "1434"]
[BlackElo "1594"]
[PlyCount "96"]
[GameId "2160767911208964"]
[EventDate "2004.01.08"]
[EventType "swiss"]
[EventRounds "7"]
[EventCountry "CAN"]

1. e4 e5 2. Nf3 Nc6 3. Bc4 Bc5 4. b4 Bxb4 5. c3 Bc5 6. d4 exd4 7. cxd4 Bb4+ 8. Ke2 h6 9. Qb3 Qe7 10. Bd5 Nf6 11. Bxc6 dxc6 12. e5 Nd5 13. Rd1 Be6 14. Qb2 O-O-O 15. Bd2 Bxd2 16. Qxd2 Qb4 17. Qxb4 Nxb4 18. Na3 Nd5 19. Rd2 f6 20. Kf1 Bg4 21. Re1 Rhe8 22. exf6 Rxe1+ 23. Nxe1 Nxf6 24. Nc4 Be6 25. Ne5 c5 26. N1f3 cxd4 27. Nxd4 Bd5 28. f3 c6 29. a3 Nd7 30. Ng6 Bc4+ 31. Kf2 Nb6 32. Ke1 Nd5 33. Nf5 Re8+ 34. Kf2 Re6 35. Nfh4 Kc7 36. f4 Nf6 37. Ne5 Ne4+ 38. Ke3 Nxd2 39. Kxd2 Bd5 40. g3 g5 41. Nf5 gxf4 42. gxf4 Be4 43. Nd4 Rf6 44. Ke3 Bf5 45. Nef3 a6 46. Nh4 Bd7 47. Ke4 c5 48. Ke5 Rd6 0-1

[Event "RACC-ch"]
[Site "Ottawa CAN"]
[Date "2004.02.19"]
[Round "7"]
[White "Van Dusen, Eric"]
[Black "Pacey, Kevin"]
[Result "1/2-1/2"]
[WhiteElo "1977"]
[BlackElo "2216"]
[PlyCount "74"]
[GameId "2160767911208965"]
[EventDate "2004.01.08"]
[EventType "swiss"]
[EventRounds "7"]
[EventCountry "CAN"]

1. d4 d5 2. Nf3 e6 3. c4 c5 4. Nc3 Nc6 5. cxd5 exd5 6. g3 Nf6 7. Bg2 Be7 8. O-O O-O 9. Bg5 cxd4 10. Nxd4 h6 11. Be3 Re8 12. Rc1 Bf8 13. Nxc6 bxc6 14. Na4 Bd7 15. Bc5 Bxc5 16. Nxc5 Bg4 17. Re1 Qa5 18. h3 Bh5 19. g4 Bg6 20. Qa4 Qd2 21. Qxc6 Qxb2 22. Qa6 Rac8 23. Nb3 Rxc1 24. Nxc1 Qc3 25. Rf1 h5 26. Qxa7 hxg4 27. hxg4 Nxg4 28. Qd7 Nf6 29. Qh3 Qc4 30. Qa3 Be4 31. Qb3 Qc8 32. Bh3 Bf5 33. Bg2 Qc6 34. Nd3 Rxe2 35. Nb4 Qd6 36. Nxd5 Ng4 37. Qg3 Qxg3 1/2-1/2

[Event "Remembrance Day op"]
[Site "Halifax CAN"]
[Date "2004.11.11"]
[Round "1"]
[White "Wang, Shane"]
[Black "Kenney, Jason"]
[Result "0-1"]
[WhiteElo "1635"]
[BlackElo "2099"]
[PlyCount "40"]
[GameId "2160767911052646"]
[EventDate "2004.11.11"]
[EventType "swiss"]
[EventRounds "8"]
[EventCountry "CAN"]

1. e4 c5 2. Nf3 Nc6 3. d4 cxd4 4. Nxd4 g6 5. Nc3 Bg7 6. Be3 Nf6 7. f3 O-O 8. Qd2 d5 9. exd5 Nxd5 10. Nxd5 Qxd5 11. Nxc6 Qxc6 12. O-O-O Bf5 13. g4 Rad8 14. Qe2 Bxg4 15. Bg2 Bf5 16. a3 Qf6 17. c3 Qe6 18. Rxd8 Rxd8 19. Rd1 Rc8 20. Rd2 Qa2 0-1

[Event "Remembrance Day op"]
[Site "Halifax CAN"]
[Date "2004.11.11"]
[Round "2"]
[White "Kenney, Jason"]
[Black "MacNeil, Danny"]
[Result "1-0"]
[WhiteElo "2099"]
[BlackElo "1711"]
[PlyCount "81"]
[GameId "2160767911052647"]
[EventDate "2004.11.11"]
[EventType "swiss"]
[EventRounds "8"]
[EventCountry "CAN"]

1. d4 d5 2. c4 e6 3. Nc3 Nf6 4. cxd5 exd5 5. Bg5 Be7 6. e3 c6 7. Bd3 Ne4 8. Bxe7 Qxe7 9. Bxe4 dxe4 10. Qc2 f5 11. Nge2 Nd7 12. Nf4 Nf6 13. h4 Be6 14. g3 O-O 15. Kf1 Rfd8 16. Kg2 Rac8 17. b4 Bf7 18. Qb2 Nh5 19. Nce2 Nf6 20. Rac1 Nd5 21. Nxd5 Bxd5 22. Nf4 Bf7 23. Rc5 g5 24. hxg5 Qxg5 25. Qc2 Qg4 26. Qd1 Qxd1 27. Rxd1 Bxa2 28. Ra1 Bd5 29. Rxa7 b6 30. Rc1 Ra8 31. Rxa8 Rxa8 32. Nxd5 cxd5 33. Rc6 b5 34. Rb6 Kf7 35. Rxb5 Ke6 36. Rb6+ Ke7 37. b5 Ra2 38. Rh6 Rb2 39. b6 Kd7 40. Rxh7+ Kc6 41. Rf7 1-0

[Event "Remembrance Day op"]
[Site "Halifax CAN"]
[Date "2004.11.12"]
[Round "4"]
[White "Felix, Chris"]
[Black "Kenney, Jason"]
[Result "0-1"]
[WhiteElo "1764"]
[BlackElo "2099"]
[PlyCount "52"]
[GameId "2160767911052648"]
[EventDate "2004.11.11"]
[EventType "swiss"]
[EventRounds "8"]
[EventCountry "CAN"]

1. e4 d6 2. d4 Nf6 3. Nc3 g6 4. Bg5 Bg7 5. Qd2 h6 6. Bh4 Nc6 7. d5 Nb8 8. O-O-O c6 9. dxc6 Nxc6 10. Nf3 Qa5 11. Bc4 O-O 12. Bxf6 exf6 13. Qxd6 Bg4 14. Qg3 Bxf3 15. gxf3 Rac8 16. Rhg1 Ne5 17. Bb3 Nc4 18. Rd4 b5 19. Nd5 f5 20. Ne7+ Kh8 21. exf5 Bxd4 22. fxg6 Bxb2+ 23. Kb1 Nd2+ 24. Kxb2 Qc3+ 25. Kc1 Nxb3+ 26. Kd1 Qd2# 0-1

[Event "Remembrance Day op"]
[Site "Halifax CAN"]
[Date "2004.11.13"]
[Round "5"]
[White "Kenney, Jason"]
[Black "Wysocki, Antoni"]
[Result "1/2-1/2"]
[WhiteElo "2099"]
[BlackElo "2079"]
[PlyCount "46"]
[GameId "2160767911052649"]
[EventDate "2004.11.11"]
[EventType "swiss"]
[EventRounds "8"]
[EventCountry "CAN"]

1. d4 Nf6 2. c4 e6 3. Nc3 Bb4 4. e3 c5 5. Bd3 O-O 6. Nge2 d5 7. a3 cxd4 8. exd4 dxc4 9. Bxc4 Be7 10. O-O Nc6 11. Qd3 b6 12. Bg5 Bb7 13. Rad1 Rc8 14. Ba6 Bxa6 15. Qxa6 Re8 16. Bxf6 Bxf6 17. d5 exd5 18. Rxd5 Qe7 19. Rfd1 Bxc3 20. Nxc3 Qe1+ 21. Rxe1 Rxe1+ 22. Qf1 Rxf1+ 23. Kxf1 Rd8 1/2-1/2

[Event "Remembrance Day op"]
[Site "Halifax CAN"]
[Date "2004.11.13"]
[Round "6"]
[White "Broersen, Hans"]
[Black "Kenney, Jason"]
[Result "0-1"]
[WhiteElo "1938"]
[BlackElo "2099"]
[PlyCount "62"]
[GameId "2160767911052650"]
[EventDate "2004.11.11"]
[EventType "swiss"]
[EventRounds "8"]
[EventCountry "CAN"]

1. Nf3 c5 2. g3 Nc6 3. Bg2 Nf6 4. c4 e6 5. d3 Be7 6. Nc3 O-O 7. O-O d6 8. e4 Bd7 9. d4 cxd4 10. Nxd4 a6 11. Be3 Rc8 12. b3 Nxd4 13. Bxd4 b5 14. cxb5 e5 15. bxa6 exd4 16. Qxd4 Qa5 17. Nd5 Nxd5 18. Qxd5 Qxd5 19. exd5 Bb5 20. Rfe1 Bf6 21. Rac1 Bxa6 22. Rc6 Bb5 23. Rxd6 Rc2 24. Rxf6 gxf6 25. a4 Bd7 26. d6 Rfc8 27. Bd5 Rc1 28. Rxc1 Rxc1+ 29. Kg2 Rd1 30. Bc4 Rxd6 31. Kf3 Be6 0-1

[Event "Remembrance Day op"]
[Site "Halifax CAN"]
[Date "2004.11.14"]
[Round "7"]
[White "Kenney, Jason"]
[Black "Fleury, Bruce"]
[Result "1-0"]
[WhiteElo "2099"]
[BlackElo "1683"]
[PlyCount "33"]
[GameId "2160767911052651"]
[EventDate "2004.11.11"]
[EventType "swiss"]
[EventRounds "8"]
[EventCountry "CAN"]

1. d4 e6 2. c4 Nf6 3. Nc3 b6 4. a3 Bb7 5. Nf3 Be7 6. d5 exd5 7. cxd5 O-O 8. Rb1 a5 9. g3 d6 10. Bg2 Ba6 11. O-O c6 12. dxc6 Nxc6 13. Nh4 Rc8 14. Nf5 Re8 15. Bg5 Qd7 16. Bh3 Rc7 17. Nh6+ 1-0

[Event "Remembrance Day op"]
[Site "Halifax CAN"]
[Date "2004.11.14"]
[Round "8"]
[White "Kenney, Jason"]
[Black "Richards, Luke"]
[Result "1-0"]
[WhiteElo "2099"]
[BlackElo "1503"]
[PlyCount "67"]
[GameId "2160767911052652"]
[EventDate "2004.11.11"]
[EventType "swiss"]
[EventRounds "8"]
[EventCountry "CAN"]

1. d4 b6 2. e4 Bb7 3. Bd3 Nf6 4. Qe2 e6 5. Nf3 d5 6. exd5 Nxd5 7. O-O c5 8. dxc5 Bxc5 9. Rd1 Nd7 10. Be4 Qe7 11. c4 N7f6 12. cxd5 exd5 13. Qb5+ Kf8 14. Bf5 a6 15. Qd3 h6 16. Bf4 g6 17. Re1 Ne4 18. Bxe4 dxe4 19. Qc3 Rh7 20. Nbd2 Re8 21. a3 Rc8 22. Nd4 Qf6 23. Be3 Bxd4 24. Bxd4 Qf5 25. Qb4+ Kg8 26. Rac1 Qe6 27. Nxe4 Qxe4 28. Rxc8+ Bxc8 29. Rxe4 Be6 30. Qe7 Rg7 31. Rxe6 Kh7 32. Qf6 Rg8 33. Qxf7+ Rg7 34. Qxg7# 1-0

[Event "Remembrance Day op"]
[Site "Winnipeg CAN"]
[Date "2004.11.12"]
[Round "1"]
[White "Anderson, George"]
[Black "Penner, Wesley"]
[Result "0-1"]
[WhiteElo "1411"]
[BlackElo "1776"]
[PlyCount "56"]
[GameId "2160767911052606"]
[EventDate "2004.11.12"]
[EventType "swiss"]
[EventRounds "5"]
[EventCountry "CAN"]
[SourceTitle "EXT 2006"]
[Source "ChessBase"]
[SourceDate "2005.11.24"]
[SourceVersion "1"]
[SourceVersionDate "2005.11.24"]
[SourceQuality "1"]

1. e4 e6 2. c4 c6 3. Nc3 d5 4. cxd5 cxd5 5. Bb5+ Nc6 6. exd5 exd5 7. d4 a6 8. Ba4 Be7 9. Be3 b5 10. Bb3 Nf6 11. h3 O-O 12. Rc1 Bb7 13. Qf3 Na5 14. Bc2 Nc4 15. b3 Nxe3 16. fxe3 Bb4 17. Nge2 Rc8 18. Bb1 Qa5 19. O-O Bxc3 20. Qf5 Bd2 21. Rxc8 Bxe3+ 22. Kh1 Bxc8 23. Qd3 Qd2 24. Rd1 Qxd3 25. Rxd3 Bg5 26. Rc3 Ne4 27. Bxe4 dxe4 28. Ng3 Bb7 0-1

[Event "Remembrance Day op"]
[Site "Winnipeg CAN"]
[Date "2004.11.12"]
[Round "1"]
[White "Gibbons, Lorne"]
[Black "Kwiatek, Jordan"]
[Result "0-1"]
[WhiteElo "1280"]
[BlackElo "1719"]
[PlyCount "38"]
[GameId "2160767911052607"]
[EventDate "2004.11.12"]
[EventType "swiss"]
[EventRounds "5"]
[EventCountry "CAN"]
[SourceTitle "EXT 2006"]
[Source "ChessBase"]
[SourceDate "2005.11.24"]
[SourceVersion "1"]
[SourceVersionDate "2005.11.24"]
[SourceQuality "1"]

1. b3 Nc6 2. g3 Nf6 3. Bb2 e5 4. Bg2 d6 5. e3 g6 6. Ne2 Bg7 7. O-O O-O 8. d3 Be6 9. Nd2 Qd7 10. Rc1 Bh3 11. Nf3 Bxg2 12. Kxg2 Rfe8 13. a3 Nd5 14. e4 Nde7 15. Qd2 f5 16. exf5 Nxf5 17. g4 Nfd4 18. h3 Nxf3 19. Kxf3 e4+ 0-1

[Event "Remembrance Day op"]
[Site "Winnipeg CAN"]
[Date "2004.11.12"]
[Round "1"]
[White "Hogeveen Rutter, Alexander"]
[Black "Cheyne, Andrew"]
[Result "1-0"]
[WhiteElo "1706"]
[BlackElo "1253"]
[PlyCount "49"]
[GameId "2160767911052608"]
[EventDate "2004.11.12"]
[EventType "swiss"]
[EventRounds "5"]
[EventCountry "CAN"]
[SourceTitle "EXT 2006"]
[Source "ChessBase"]
[SourceDate "2005.11.24"]
[SourceVersion "1"]
[SourceVersionDate "2005.11.24"]
[SourceQuality "1"]

1. e4 c5 2. Nf3 Nc6 3. d4 cxd4 4. Nxd4 g6 5. c4 Bg7 6. Be3 d6 7. Nc3 Nf6 8. Be2 O-O 9. O-O a6 10. Qd2 Nxd4 11. Bxd4 Be6 12. g3 Qc7 13. Nd5 Bxd5 14. cxd5 Rac8 15. Rac1 Qd7 16. Bc3 e6 17. dxe6 fxe6 18. Bb4 Rxc1 19. Rxc1 Rd8 20. Ba5 Re8 21. Rc7 Qa4 22. b3 Nxe4 23. Rxg7+ Kf8 24. bxa4 Nxd2 25. Rxb7 1-0

[Event "Remembrance Day op"]
[Site "Winnipeg CAN"]
[Date "2004.11.12"]
[Round "1"]
[White "Kaptsan, Aron"]
[Black "Rumpel, Chris"]
[Result "1-0"]
[WhiteElo "1903"]
[BlackElo "1421"]
[PlyCount "81"]
[GameId "2160767911052609"]
[EventDate "2004.11.12"]
[EventType "swiss"]
[EventRounds "5"]
[EventCountry "CAN"]
[SourceTitle "EXT 2006"]
[Source "ChessBase"]
[SourceDate "2005.11.24"]
[SourceVersion "1"]
[SourceVersionDate "2005.11.24"]
[SourceQuality "1"]

1. d4 Nf6 2. c4 e6 3. Nc3 Bb4 4. f3 c5 5. d5 Bxc3+ 6. bxc3 O-O 7. e4 b6 8. Bd3 h6 9. Ne2 d6 10. O-O Na6 11. Ng3 Nc7 12. Qc2 Re8 13. Bf4 Ba6 14. a4 Rb8 15. Rfb1 Nd7 16. Bxd6 exd5 17. cxd5 Bxd3 18. Qxd3 Ne5 19. Bxe5 Rxe5 20. f4 Re8 21. Qf3 Qd6 22. Nf5 Qf8 23. e5 g6 24. Nd6 Red8 25. c4 Ne8 26. Nxe8 Qxe8 27. h3 a6 28. Re1 b5 29. axb5 axb5 30. e6 Rb7 31. exf7+ Qxf7 32. Ra6 Re8 33. Rxe8+ Qxe8 34. Re6 Qf7 35. cxb5 Rxb5 36. Qe4 Kf8 37. d6 Rb1+ 38. Kh2 Rb7 39. Rxg6 c4 40. Rxh6 Qg7 41. Qf5+ 1-0

[Event "Remembrance Day op"]
[Site "Winnipeg CAN"]
[Date "2004.11.12"]
[Round "1"]
[White "Kohalmi, Andy"]
[Black "Gushuliak, Justin"]
[Result "1/2-1/2"]
[WhiteElo "1622"]
[BlackElo "2046"]
[PlyCount "74"]
[GameId "2160767911052610"]
[EventDate "2004.11.12"]
[EventType "swiss"]
[EventRounds "5"]
[EventCountry "CAN"]
[SourceTitle "EXT 2006"]
[Source "ChessBase"]
[SourceDate "2005.11.24"]
[SourceVersion "1"]
[SourceVersionDate "2005.11.24"]
[SourceQuality "1"]

1. Nf3 c5 2. c4 b6 3. e3 Bb7 4. Nc3 Nf6 5. d4 cxd4 6. exd4 e6 7. Bg5 Bb4 8. Rc1 O-O 9. Bd3 d5 10. O-O dxc4 11. Be4 Bxe4 12. Nxe4 Nbd7 13. Rxc4 Be7 14. Nxf6+ Nxf6 15. Qc2 Nd5 16. Bxe7 Qxe7 17. h4 f6 18. Re1 Qd7 19. Rc1 b5 20. Rc6 Nb6 21. Rc7 Qd5 22. b3 Rac8 23. Rc5 Qd7 24. Qe4 Rxc5 25. dxc5 Rc8 26. Nd4 e5 27. Nf5 Qd2 28. Rc2 Qd1+ 29. Kh2 Kf8 30. Qb7 Qd7 31. Qxd7 Nxd7 32. c6 Nb8 33. c7 Na6 34. Rc6 Nxc7 35. Nd6 Rd8 36. Rxc7 Rxd6 37. Rxa7 Re6 1/2-1/2

[Event "Remembrance Day op"]
[Site "Winnipeg CAN"]
[Date "2004.11.12"]
[Round "1"]
[White "Plocek, Jaroslav"]
[Black "Khedkar, Jay S"]
[Result "0-1"]
[WhiteElo "1545"]
[BlackElo "1934"]
[PlyCount "82"]
[GameId "2160767911052611"]
[EventDate "2004.11.12"]
[EventType "swiss"]
[EventRounds "5"]
[EventCountry "CAN"]
[SourceTitle "EXT 2006"]
[Source "ChessBase"]
[SourceDate "2005.11.24"]
[SourceVersion "1"]
[SourceVersionDate "2005.11.24"]
[SourceQuality "1"]

1. d4 d5 2. c4 e6 3. Nc3 Nf6 4. Bg5 Nbd7 5. Nf3 c6 6. e3 Qa5 7. Qd2 Bb4 8. a3 Ne4 9. Qc1 Bxc3+ 10. bxc3 dxc4 11. Bf4 b5 12. Be2 Qxc3+ 13. Qxc3 Nxc3 14. Bd6 f6 15. Nd2 Nxe2 16. Kxe2 e5 17. Ne4 exd4 18. exd4 Kf7 19. Kd2 Nb6 20. Rhe1 Nd5 21. Nc3 Be6 22. g3 Rhe8 23. Nxd5 cxd5 24. Re3 Bd7 25. Rae1 Rxe3 26. Rxe3 Re8 27. Rxe8 Bxe8 28. Bb4 Ke6 29. Ke3 Kf5 30. h3 Bd7 31. f3 g5 32. g4+ Kg6 33. f4 f5 34. Kf3 fxg4+ 35. hxg4 Bxg4+ 36. Kxg4 h5+ 37. Kg3 g4 38. Kh4 Kf5 39. Bd2 Ke4 40. Kg3 Kxd4 41. Be1 Ke4 0-1

[Event "Remembrance Day op"]
[Site "Winnipeg CAN"]
[Date "2004.11.12"]
[Round "1"]
[White "Prince, Colin"]
[Black "Wood, Nathaniel"]
[Result "0-1"]
[WhiteElo "1772"]
[BlackElo "1383"]
[PlyCount "61"]
[GameId "2160767911052612"]
[EventDate "2004.11.12"]
[EventType "swiss"]
[EventRounds "5"]
[EventCountry "CAN"]
[SourceTitle "EXT 2006"]
[Source "ChessBase"]
[SourceDate "2005.11.24"]
[SourceVersion "1"]
[SourceVersionDate "2005.11.24"]
[SourceQuality "1"]

1. e4 c5 2. Nf3 Nc6 3. d4 cxd4 4. Nxd4 g6 5. Bc4 Ne5 6. Bb3 Bg7 7. f4 Nc6 8. Be3 d6 9. Nc3 Nf6 10. h3 O-O 11. Qd2 Bd7 12. O-O-O a5 13. f5 Ne5 14. Bh6 Rc8 15. Bxg7 Kxg7 16. h4 h5 17. fxg6 fxg6 18. Be6 Rc5 19. Rhf1 Qc8 20. Bxd7 Qxd7 21. Kb1 Rfc8 22. Qg5 Nf3 23. Qg3 Nxd4 24. Rxd4 Rxc3 25. bxc3 Qb5+ 26. Kc1 Qxf1+ 27. Kd2 e5 28. Qh3 Rc7 29. Rd3 Nxe4+ 30. Ke3 Qf4+ 31. Ke2 0-1